000 01278cam a2200349 a 4500
001 14731708
003 OSt
005 20140310181700.0
008 070212s2007 nyua j 000 1 eng
010 _a 2007922749
020 _a9781423106395
020 _a1423106393
040 _aDLC
_cDLC
_dDLC
050 0 0 _aPZ 7
_b.G729 2007
082 0 0 _aFIC
_bGr75 2007
100 1 _aGrace, N. B.
_919178
245 1 0 _aDisney high school musical 2 :
_bthe junior novel /
_cadapted by N.B. Grace.
246 3 0 _aHigh school musical 2
246 3 _aDisney high school musical two
250 _a1st ed.
260 _aNew York :
_bDisney Press,
_cc2007.
300 _a137 p. :
_bcol. ill. ;
_c20 cm.
500 _a"Based on 'High School Musical 2,' Written by Peter Barsocchini."
500 _a"Based on Characters Created by Peter Barsocchini."
700 1 _aBarsocchini, Peter,
_d1952-
_919179
730 0 _aHigh school musical 2 (Motion picture)
_919180
856 4 2 _3Publisher description
_uhttp://www.loc.gov/catdir/enhancements/fy0912/2007922749-d.html
906 _a7
_bcbc
_corignew
_d2
_eepcn
_f20
_gy-gencatlg
942 _2lcc
_cBK-FIC
999 _c1203
_d1203